000 01010cab a22002055a 4500
001 L144945
008 080826s2008 xxko f 000 0 eng d
035 _a(Sirsi) u144945
041 0 _aeng
100 1 _aMacleod, Andy
245 0 0 _aConnected opportunities for all
260 _c2008
490 _aBuilding Engineer
_v83(8) August 2008, 24-25(2)
520 _aDiscusses the concept of intelligent buildings and the benefits that the Internet brings to the construction industry. Analyses the Connected Real Estate concept, which means including an Internet Protocol (IP) network in the building design process. Reports its advantages like security control, temperature control, and leak detection. Shows the sectors using it outside and inside the UK. Presents the main areas of use in the UK as the leisure, entertainment and retail industries.
590 _aKA
651 4 _aEngland and Wales
_y1543-
690 _aBUILT ENVIRONMENT-CONSTRUCTION DESIGN
700 1 _aHernandez, Maria
942 _n0
999 _c80657
_d80657